joueur de Sochaux 2022-2023 - Statistiques

Statistiques générales
  • Ce quiz a été pris 135 fois
  • Le résultat moyen est 17 sur 28
Statistiques - réponses
Poste Joueur % Correct
Gardien Maxence Prévot
99%
Gardien Mehdi Jeannin
89%
Défenseur Ismaïl Aaneba
87%
Milieu Tony Mauricio
86%
Milieu Gaétan Weissbeck
85%
Attaquant Ibrahim Sissoko
84%
Attaquant Aldo Kalulu
83%
Défenseur Julien Faussurier
82%
Défenseur Abdallah Ndour
81%
Défenseur Saad Agouzoul
81%
Milieu Rassoul Ndiaye
80%
Coach Olivier Guégan
73%
Attaquant Moussa Doumbia
63%
Milieu Skelly Alvero
63%
Gardien Manu Agro
54%
Milieu Franck Kanouté
53%
Défenseur Yoël Armougom
51%
Défenseur Daylam Meddah
46%
Attaquant Hermann Tebily
46%
Milieu Joseph Lopy
43%
Attaquant Eliezer Mayenda
40%
Milieu Malcom Viltard
39%
Milieu Roli Pereira De Sa
38%
Attaquant Maxime Do Couto Teixeira
35%
Milieu Samy Faraj
31%
Milieu Sambou Yatabaré
30%
Intendant Freddy
25%
Défenseur Valentine Ozornwafor
25%
Aucun quiz correspondant
Distribution des résultats
% des personnes avec chaque résultat
Percentile par nombre de réponses
Votre historique - résultats
Vous n’avez pas pris ce quiz